|
|
|
|
| LEADER |
00000nam2a2200000 4500 |
| 001 |
254473 |
| 005 |
20231101232935.0 |
| 035 |
|
|
|a (RuTPU)RU\TPU\book\276937
|
| 035 |
|
|
|a RU\TPU\book\276016
|
| 090 |
|
|
|a 254473
|
| 100 |
|
|
|a 20140321d1981 k y0rusy50 ca
|
| 101 |
0 |
|
|a rus
|
| 102 |
|
|
|a RU
|
| 105 |
|
|
|a a z 001zy
|
| 200 |
0 |
|
|a Вып. 10
|
| 210 |
|
|
|d 1981
|
| 215 |
|
|
|a 120 с.
|c ил.
|
| 320 |
|
|
|a Библиогр. в конце ст.
|
| 461 |
|
1 |
|0 (RuTPU)RU\TPU\book\276016
|t Локализация и тушение подземных пожаров
|o сборник статей
|f Всесоюзный научно-исследовательский институт горноспасательного дела (ВНИИГД), Восточное отделение
|v Вып. 10
|d 1958-
|
| 606 |
1 |
|
|a Рудничные пожары, подземные
|x Тушение
|2 stltpush
|3 (RuTPU)RU\TPU\subj\25867
|9 49920
|
| 610 |
1 |
|
|a подземные пожары
|
| 610 |
1 |
|
|a эндогенные пожары
|
| 610 |
1 |
|
|a локализация
|
| 610 |
1 |
|
|a пена
|
| 610 |
1 |
|
|a аппаратура
|
| 610 |
1 |
|
|a огнетушители
|
| 610 |
1 |
|
|a трубопроводы
|
| 675 |
|
|
|a 622.822.7
|v 3
|
| 801 |
|
1 |
|a RU
|b 63413507
|c 20140314
|
| 801 |
|
2 |
|a RU
|b 63413507
|c 20151105
|g RCR
|
| 942 |
|
|
|c BK
|